Golf : Vainqueur du Masters Tournament - Statistiques

Statistiques générales
  • Ce quiz a été pris 15 fois
  • Le résultat moyen est 34 sur 90
Statistiques - réponses
Année Vainqueur % Correct
1986 Jack Nicklaus
93%
1975 Jack Nicklaus
93%
1972 Jack Nicklaus
93%
1966 Jack Nicklaus
93%
1965 Jack Nicklaus
93%
1963 Jack Nicklaus
93%
2019 Tiger Woods
93%
2005 Tiger Woods
93%
2002 Tiger Woods
93%
2001 Tiger Woods
93%
1997 Tiger Woods
93%
2026 Rory McIlroy
86%
2025 Rory McIlroy
86%
2023 Jon Rahm
79%
2021 Hideki Matsuyama
71%
2015 Jordan Spieth
71%
2024 Scottie Scheffler
71%
2022 Scottie Scheffler
71%
1983 Severiano Ballesteros
71%
1980 Severiano Ballesteros
71%
2014 Bubba Watson
64%
2012 Bubba Watson
64%
2013 Adam Scott
57%
1964 Arnold Palmer
57%
1962 Arnold Palmer
57%
1960 Arnold Palmer
57%
1958 Arnold Palmer
57%
2020 Dustin Johnson
57%
1996 Nick Faldo
57%
1990 Nick Faldo
57%
1989 Nick Faldo
57%
2018 Patrick Reed
57%
2010 Phil Mickelson
57%
2006 Phil Mickelson
57%
2004 Phil Mickelson
57%
1981 Tom Watson
57%
1977 Tom Watson
57%
1941 Craig Wood
50%
2017 Sergio García
50%
2016 Daniel Willett
43%
2000 Vijay Singh
43%
2007 Zach Johnson
43%
1953 Ben Hogan
36%
1951 Ben Hogan
36%
1993 Bernhard Langer
36%
1985 Bernhard Langer
36%
1978 Gary Player
36%
1974 Gary Player
36%
1961 Gary Player
36%
1935 Gene Sarazen
29%
1999 Jose Maria Olazabal
29%
1994 Jose Maria Olazabal
29%
2011 Charl Schwartzel
21%
2009 Ángel Cabrera
14%
1992 Fred Couples
14%
1991 Ian Woosnam
14%
2003 Mike Weir
14%
1995 Ben Crenshaw
7%
1984 Ben Crenshaw
7%
1936 Horton Smith
7%
1934 Horton Smith
7%
1959 Art Wall Jr
0%
1970 Billy Casper
0%
1968 Bob Goalby
0%
1942 Byron Nelson
0%
1937 Byron Nelson
0%
1955 Cary Middlecoff
0%
1971 Charles Coody
0%
1948 Claude Harmon
0%
1982 Craig Stadler
0%
1957 Doug Ford
0%
1979 Fuzzy Zoeller
0%
1967 Gay Brewer
0%
1969 George Archer
0%
1938 Henry Picard
0%
1946 Herman Keiser
0%
1956 Jack Burke Jr
0%
1950 Jimmy Demaret
0%
1947 Jimmy Demaret
0%
1940 Jimmy Demaret
0%
1987 Larry Mize
0%
1998 Mark O'Meara
0%
1939 Ralph Guldahl
0%
1976 Raymond Floyd
0%
1954 Sam Snead
0%
1952 Sam Snead
0%
1949 Sam Snead
0%
1988 Sandy Lyle
0%
1973 Tommy Aaron
0%
2008 Trevor Immelman
0%
Aucun quiz correspondant
Distribution des résultats
% des personnes avec chaque résultat
Percentile par nombre de réponses
Votre historique - résultats
Vous n’avez pas pris ce quiz